LDR 00977naa#a2200169#i#450# 001 RU\\bibl\121286 005 20260516174805.6 011 ## _a1994-4683 100 ## _a20230803b2023####ek#y0rusy0150####ca 102 ## _aRU 200 1# _aПРОГРАММА ДОПОЛНИТЕЛЬНОГО ОБРАЗОВАНИЯ ПО САМОСТОЯТЕЛЬНЫМ ЗАНЯТИЯМ НА УЛИЧНЫХ ТРЕНАЖЕРАХ ДЕВУШЕК СТАРШЕГО ШКОЛЬНОГО ВОЗРАСТА _eЖурнальная статья 210 1# _aМосква _cНациональный государственный Университет физической культуры, спорта и здоровья им. П.Ф. Лесгафта _d2023 215 ## _a3 с. 608 ## _aЖурнальная статья _2local 675 ## _aВысшее образование. Высшая школа. Подготовка научных кадров. 378 _z 700 #1 _aКочетков _gЕ Е 856 4# _auchzapiski.lesgaft.spb.ru _u